[Event "Zhukovsky Elo-B"]
[Site "Zhukovsky"]
[Date "2008.01.19"]
[Round "8"]
[White "Nyakk, Andrey"]
[Black "Kazankov, Andrey"]
[Result "0-1"]
[WhiteElo "2106"]
[BlackElo "2068"]
[PlyCount "98"]
[EventDate "2008.01.02"]
[EventType "tourn"]
[EventRounds "9"]
[EventCountry "RUS"]
[SourceTitle "EXT 2010"]
[Source "ChessBase"]
[SourceDate "2010.11.25"]
[SourceVersion "1"]
[SourceVersionDate "2010.11.25"]
[SourceQuality "1"]

1. Nf3 e6 2. g3 b6 3. Bg2 Bb7 4. c4 c5 5. 0-0 f5 6. Nc3 Nf6 7. d4 cxd4 8. Nxd4 Bxg2 9. Kxg2 Nc6 10. Bg5 Bc5 11. Nxc6 dxc6 12. Qxd8+ Rxd8 13. Rfd1 Kf7 14. Rxd8 Rxd8 15. Bxf6 Kxf6 16. Rd1 Rxd1 17. Nxd1 g5 18. e3 Bb4 19. Kf3 g4+ 20. Ke2 Ke5 21. Kd3 a5 22. a3 Bd6 23. Nc3 Kf6 24. Ne2 e5 25. Nc3 Ke6 26. Na4 b5 27. Nc3 e4+ 28. Kc2 bxc4 29. Na4 Kd5 30. Nc3+ Kc5 31. Na4+ Kb5 32. Nc3+ Ka6 33. Ne2 Be5 34. Nd4 Bxd4 35. exd4 Kb5 36. Kc3 a4 37. Kc2 Kb6 38. Kd2 Ka5 39. Ke3 c3 40. bxc3 Kb5 41. Kf4 Kc4 42. Kxf5 Kxc3 43. Kxe4 Kb3 44. Ke5 Kxa3 45. Kd6 Kb4 46. Kxc6 a3 47. d5 a2 48. d6 a1Q 49. d7 Qa5 0-1

[Event "Zhukovsky Elo-B"]
[Site "Zhukovsky"]
[Date "2008.01.04"]
[Round "3"]
[White "Marchukov, Dmitry"]
[Black "Nyakk, Andrey"]
[Result "1-0"]
[WhiteElo "2083"]
[BlackElo "2106"]
[PlyCount "61"]
[EventDate "2008.01.02"]
[EventType "tourn"]
[EventRounds "9"]
[EventCountry "RUS"]
[SourceTitle "EXT 2010"]
[Source "ChessBase"]
[SourceDate "2010.11.25"]
[SourceVersion "1"]
[SourceVersionDate "2010.11.25"]
[SourceQuality "1"]

1. c4 Nf6 2. Nc3 g6 3. Nf3 Bg7 4. d4 d5 5. Bg5 Ne4 6. Bf4 Nxc3 7. bxc3 c6 8. e3 0-0 9. Qb3 dxc4 10. Bxc4 b5 11. Be2 Be6 12. Qc2 a5 13. 0-0 Qb6 14. Rab1 Na6 15. a3 Rac8 16. Be5 Bf5 17. e4 Bg4 18. Bxg7 Kxg7 19. Ne5 Bxe2 20. Qxe2 Rcd8 21. Qg4 Qc7 22. Qh4 Qd6 23. Rfd1 Nc7 24. Rd3 f6 25. Rh3 fxe5 26. Qxh7+ Kf6 27. Rf3+ Ke6 28. Qh3+ Rf5 29. exf5+ gxf5 30. Qxf5+ Kd5 31. dxe5 1-0